000 00492nam a22001577a 4500
003 OSt
005 20260121032446.0
008 251217b |||||||| |||| 00| 0 eng d
020 _a971-630-126-x
040 _aDWCL Main lib.
_cOC
082 _aFil. 899.2103 B464 2000
245 _aThe best Philippine short stories of the twentieth century /
_bedited by Isagani R. Cruz
260 _aPhilippines :
_bTahanan books.,
_cc2000.
300 _a730 p. ;
_c24 cm.
942 _2ddc
_cBK - FIL
_kFil.
_n0
999 _c7156
_d7156